Culture Générale - Série 2038 - Statistiques

Statistiques générales
  • Ce quiz a été pris 88 fois
  • Le résultat moyen est 3 sur 10
Statistiques - réponses
Question Rééponse % Correct
Dans le titre du film d'Elia Kazan de 1951, comment se nomme le tramway ? Désir
88%
Quelle est cette ville de Cuba qui porte le même nom qu'une capitale d'Amérique du sud ? Santiago
49%
Comment appelle-t-on le principal courant religieux de l'islam représentant 90 % des musulmans du monde ? sunnisme
48%
Le lamantin et le dugong sont des mammifères marins de l'ordre des siréniens surnommés "les .......de mer" vaches
23%
Quelle rivière dont l'essentiel du cours est aujourd'hui canalisé traverse Lille et Lens ? Deule
18%
Comment appelle-t-on une auberge espagnole ? 6 lettres commençant par " p " posada
17%
Chez les peuples amérindiens du nord-est de l'Amérique du Nord,quel nom désigne le chef suprême d'une tribu ? - 6 lettres sachem
17%
Comment appelle-t-on également le chêne vert ? 5 lettres commençant par " y " yeuse
15%
Quel terme occitan signifie « estuaire » ou « chenal » ? 4 lettres grau
5%
C'est un petit rongeur proche de l'écureuil vivant sur le continent africain - voir photo xerus
2%
Aucun quiz correspondant
Distribution des résultats
% des personnes avec chaque résultat
Percentile par nombre de réponses
Votre historique - résultats
Vous n’avez pas pris ce quiz